| Tag |
First Indicator |
Second Indicator |
Subfields |
| LEADER |
00000cam a2200000Ia 4500 |
| 001 |
in00002428321 |
| 005 |
20151109164110.0 |
| 008 |
080512s2008 enk b 001 0 eng d |
| 015 |
|
|
|a GBA8B8075
|2 bnb
|
| 016 |
7 |
|
|a 014774795
|2 Uk
|
| 020 |
|
|
|a 9781847422590
|
| 020 |
|
|
|a 1847422594
|
| 035 |
|
|
|a (OCoLC)ocn227931686
|
| 035 |
|
|
|a (OCoLC)227931686
|
| 040 |
|
|
|a BTCTA
|c BTCTA
|d YDXCP
|d BAKER
|d BWX
|d BWK
|d OCLCQ
|d SUC
|d UKM
|d UtOrBLW
|
| 049 |
|
|
|a TXAM
|
| 050 |
|
4 |
|a HN49.C6
|b P58 2008
|
| 100 |
1 |
|
|a Pitchford, Michael.
|
| 245 |
1 |
0 |
|a Making spaces for community development /
|c Michael Pitchford ; with Paul Henderson.
|
| 264 |
|
1 |
|a Bristol, UK :
|b Policy Press ;
|a [London] :
|b John Laing :
|b Community Development Foundation,
|c 2008.
|
| 300 |
|
|
|a vi, 134 pages ;
|c 24 cm.
|
| 336 |
|
|
|a text
|b txt
|2 rdacontent
|
| 337 |
|
|
|a unmediated
|b n
|2 rdamedia
|
| 338 |
|
|
|a volume
|b nc
|2 rdacarrier
|
| 504 |
|
|
|a Includes bibliographical references (pages 113-115) and index.
|
| 650 |
|
0 |
|a Community development.
|
| 700 |
1 |
|
|a Henderson, Paul,
|d 1942-
|
| 938 |
|
|
|a Baker and Taylor
|b BTCP
|n BK0007799605
|
| 938 |
|
|
|a YBP Library Services
|b YANK
|n 2844432
|
| 938 |
|
|
|a Baker & Taylor
|b BKTY
|c 29.95
|d 29.95
|i 1847422594
|n 0007799605
|s active
|
| 938 |
|
|
|a Blackwell Book Service
|b BBUS
|n R0733082
|c $29.95
|
| 938 |
|
|
|a Blackwell Book Service UK
|b BBUK
|n L8796922
|c 16.99
|
| 945 |
|
|
|a PromptCat
|b 539061
|
| 946 |
|
|
|a stk
|
| 947 |
|
|
|a A14836658090
|
| 994 |
|
|
|a 92
|b TXA
|
| 948 |
|
|
|a cataloged
|b h
|d 2008/10/30
|h c
|e asalazar
|f 12:58:50 pm
|
| 999 |
|
|
|a MARS
|
| 999 |
f |
f |
|s 4aea76e2-d229-3b28-b11c-036e6198e813
|i 7e9f7c36-2c5f-3014-97bf-8d08814fbcbd
|t 0
|
| 952 |
f |
f |
|p ric
|a Texas A&M University
|b Rellis Campus
|c Joint Library Facility
|d Remote Storage
|t 0
|e HN49.C6 P58 2008
|h Library of Congress classification
|i unmediated -- volume
|m A14836658090
|
| 998 |
f |
f |
|a HN49.C6 P58 2008
|t 0
|l Remote Storage
|